Interaction between pteridines and tryptophan [communicated by Albert Szent-Györgyi] /

Elmentve itt :
Bibliográfiai részletek
Szerző: Fujimori Eiji
További közreműködők: Szent-Györgyi Albert
Dokumentumtípus: Cikk
Megjelent: National Academy of Sciences of the United States of America Washington, D.C. 1959-02-01
Sorozat:Proceedings of the National Academy of Sciences of the United States of America : PNAS 45 No. 2
Kulcsszavak:Pteridinek, Triptofán
Online Access:http://misc.bibl.u-szeged.hu/73501
LEADER 00870nab a2200193 i 4500
001 misc73501
005 20241018124428.0
008 240229s1959 hu o 000 eng d
040 |a SZTE Miscellanea Repozitórium  |b hun 
041 |a eng 
100 1 |a Fujimori Eiji 
245 1 0 |a Interaction between pteridines and tryptophan   |h [elektronikus dokumentum] :  |b [communicated by Albert Szent-Györgyi] /  |c  Fujimori Eiji 
260 |a National Academy of Sciences of the United States of America  |b Washington, D.C.  |c 1959-02-01 
300 |a 133-136 
490 0 |a Proceedings of the National Academy of Sciences of the United States of America : PNAS  |v 45 No. 2 
561 |a Szent-Györgyi Albert munkatársainak publikációi 
695 |a Pteridinek, Triptofán 
700 0 2 |a Szent-Györgyi Albert 
856 4 0 |u http://misc.bibl.u-szeged.hu/73501/1/szgya_amerikai_115.pdf  |z Dokumentum-elérés